Statistics for Kong: Skull Island Deaths

Click here to take the quiz!

General Stats

  • This quiz has been taken 17 times
  • The average score is 4 of 6

Answer Stats

HintAnswer% Correct
Stepped on by Kong while trying to kill him.Preston Packard
100%
Sacrificed his life using grenades but failed to kill SkullcrawlerCole
75%
Carried away by unusual birds.Victor Nieves
75%
Eaten by Skullcrawler while taking a photo,Bill Randa
50%
Skullcrawler bit his head off.Jack Chapman
50%
Stepped on by Kong.Landsat Steve
25%

Score Distribution

Percentile by Number Answered

Percent of People with Each Score

Your Score History

You have not taken this quiz